000 00509nam a2200181Ia 4500
003 LK-CoDNM
008 010623t2010 xxu||||| |||| 00| 1 sin d
040 _aLK-CoDNM
_dLK-CoDNM
_eLK-CoDNM
041 _asin
080 _aX 954.3 NOK
100 _aKarunarathna,David
_etr.
245 _aඑදා හෙළ දිව
246 _aEda Hela Diwa : An Historical Relation Of The Tsland Of Ceylon
260 _bGunasena
_aColombo
_c2010
300 _b385, iill, 21 cm
700 _aKnox,Robert
942 _cBK
999 _c129688
_d129688